Air Pollution (Record no. 542842)
[ view plain ]
| 000 -LEADER | |
|---|---|
| fixed length control field | 00351nam a22001337a 4500 |
| 082 ## - DEWEY DECIMAL CLASSIFICATION NUMBER | |
| Classification number | 363.7392 |
| Author Mark | RAO |
| -- | L-18, P-59 |
| 100 ## - MAIN ENTRY--PERSONAL NAME | |
| Personal name | Rao M N |
| 9 (RLIN) | 5909 |
| 245 ## - TITLE STATEMENT | |
| Title | Air Pollution |
| 260 ## - PUBLICATION, DISTRIBUTION, ETC. | |
| Place of publication, distribution, etc. | New Delhi |
| Name of publisher, distributor, etc. | McGraw Hill Pub Company |
| Date of publication, distribution, etc. | 1989 |
| 300 ## - PHYSICAL DESCRIPTION | |
| Extent | 339p. |
| Other physical details | Ill |
| Dimensions | 24 cm |
| 526 ## - STUDY PROGRAM INFORMATION NOTE | |
| Program name | 0 |
| Interest level | 0 |
| Reading level | 0 |
| Title point value | 363_739200000000000_RAO |
| 650 ## - SUBJECT ADDED ENTRY--TOPICAL TERM | |
| Topical term or geographic name entry element | MCE |
| 9 (RLIN) | 379 |
| 942 ## - ADDED ENTRY ELEMENTS (KOHA) | |
| Source of classification or shelving scheme | |
| Koha item type | Book |
| Withdrawn status | Lost status | Source of classification or shelving scheme | Damaged status | Not for loan | Permanent Location | Current Location | Date acquired | Total Checkouts | Full call number | Barcode | Date last seen | Price effective from | Koha item type |
|---|---|---|---|---|---|---|---|---|---|---|---|---|---|
| Military College of Engineering (MCE) | Military College of Engineering (MCE) | 02/20/2014 | 363.7392 RAO | MCE-24890 | 02/20/2014 | 02/20/2014 | Book |
